[Event "Reykjavik Open 2018"]
[Site "Reykjavik ISL"]
[Date "2018.03.10"]
[Round "5.87"]
[White "Magnusdottir, Veronika Steinunn"]
[Black "Murray, Michael A."]
[Result "1/2-1/2"]
[WhiteElo "1735"]
[BlackElo "1975"]
[WhiteFideId "2309114"]
[BlackFideId "2609126"]
[EventDate "2018.03.06"]

1. e4 e6 2. d4 d5 3. Nd2 Nc6 4. Ngf3 Nf6 5. e5 Nd7 6. c3 f6 7. exf6 Qxf6 8. Bb5
Bd6 9. Nf1 O-O 10. Bg5 Qf7 11. Qd2 e5 12. dxe5 Ncxe5 13. Nxe5 Nxe5 14. Ne3 c6
15. Ba4 h6 16. Bh4 Qf4 17. Qd4 Qxd4 18. cxd4 Nd3+ 19. Ke2 Nxb2 20. Bc2 b6 21. f3
Ba6+ 22. Kf2 Nd3+ 23. Bxd3 Bxd3 24. Rac1 Bb5 25. Bg3 Be7 26. Rhe1 Bf6 27. Rcd1
Rfe8 28. Ng4 Rxe1 29. Nxf6+ gxf6 30. Rxe1 Kf7 31. Bd6 Re8 32. Rxe8 Kxe8 33. Ke3
Bc4 34. a3 Kd7 35. Bf8 h5 36. g4 hxg4 37. fxg4 Ke6 38. Kf4 Bd3 39. h4 a5 40. Ke3
Be4 41. Kf4 b5 42. Ke3 Bc2 43. Kf4 Be4 44. Ke3 Kf7 45. Bd6 Bc2 46. Kf4 Bb1 47.
Ke3 Bh7 48. Kf4 Ke6 49. Bc5 b4 50. axb4 a4 51. b5 cxb5 52. Bb4 Kf7 53. Ba3 Be4
54. Bb4 Ke6 55. Ba3 Kd7 56. g5 fxg5+ 57. hxg5 Kc6 58. Ke5 Kb6 59. Kd6 b4 60.
Bxb4 Kb5 61. Bc3 Kc4 62. Ba1 a3 63. Ke5 1/2-1/2

[Event "Reykjavik Open 2018"]
[Site "Reykjavik ISL"]
[Date "2018.03.10"]
[Round "5.88"]
[White "Haraldsson, Haraldur"]
[Black "Grymer-Hansen, Soren"]
[Result "1-0"]
[WhiteElo "1963"]
[BlackElo "1706"]
[WhiteFideId "2311100"]
[BlackFideId "1428543"]
[EventDate "2018.03.06"]

1. e4 c5 2. Nf3 Nc6 3. d4 cxd4 4. Nxd4 Nf6 5. Nc3 e6 6. Be3 Bb4 7. Nxc6 Bxc3+ 8.
bxc3 bxc6 9. e5 Nd5 10. Bd2 O-O 11. Bd3 f5 12. O-O a5 13. a3 Qc7 14. c4 Ne7 15.
Bg5 Rf7 16. f4 Ng6 17. Qh5 Nf8 18. Rf3 d5 19. Rb1 Ba6 20. c5 Qa7 21. Rb6 Bxd3
22. Rxd3 Rc8 23. Rh3 a4 24. Bh4 Qa5 25. Bf2 d4 26. Rb4 Qxc5 27. c3 Qa5 28. cxd4
c5 29. dxc5 Rxc5 30. Bxc5 Qxc5+ 31. Kf1 Rd7 32. Rb1 Qc4+ 33. Kg1 Qxf4 34. Qe2
Rd2 35. Qe3 Rd4 36. Qxf4 Rxf4 37. Rb4 Ng6 38. Rc3 Rxb4 39. axb4 Nxe5 40. b5 Kf8
41. b6 Nd7 42. b7 a3 43. Rc8+ 1-0

[Event "Reykjavik Open 2018"]
[Site "Reykjavik ISL"]
[Date "2018.03.10"]
[Round "5.89"]
[White "Green, Per"]
[Black "Thorsson, Pall"]
[Result "1-0"]
[WhiteElo "1961"]
[BlackElo "1693"]
[WhiteFideId "1703811"]
[BlackFideId "2304406"]
[EventDate "2018.03.06"]

1. Nf3 g6 2. e4 Bg7 3. d4 d6 4. c3 Nf6 5. Bd3 O-O 6. h3 c6 7. Bg5 b5 8. Qd2 Nbd7
9. Bh6 e5 10. Bxg7 Kxg7 11. O-O Nh5 12. Re1 Nf4 13. Bf1 Qe7 14. g3 Nh5 15. a4
Nb6 16. axb5 cxb5 17. Na3 Nc4 18. Qe2 Nxa3 19. Rxa3 b4 20. cxb4 exd4 21. Nxd4
Bd7 22. Bg2 Be6 23. b5 Qd7 24. Rea1 Rfb8 25. Bf1 Nf6 26. e5 Nd5 27. exd6 Qxd6
28. Rxa7 Rxa7 29. Rxa7 Kg8 30. Qd2 Rd8 31. Qh6 Rd7 32. Ra6 Nb6 33. Qe3 Rb7 34.
h4 Kf8 35. Qf3 1-0

[Event "Reykjavik Open 2018"]
[Site "Reykjavik ISL"]
[Date "2018.03.10"]
[Round "5.90"]
[White "Carroll, Peter"]
[Black "Valtysson, Thor"]
[Result "1/2-1/2"]
[WhiteElo "1733"]
[BlackElo "1922"]
[WhiteFideId "2510243"]
[BlackFideId "2301903"]
[EventDate "2018.03.06"]

1. e4 c6 2. d4 d5 3. e5 Bf5 4. g4 Bd7 5. Bd3 e6 6. c3 c5 7. Nf3 Nc6 8. a3 cxd4
9. cxd4 Qb6 10. Bc2 h5 11. g5 g6 12. Nc3 Nge7 13. b4 Nf5 14. Na4 Qc7 15. Bxf5
gxf5 16. Bf4 b6 17. Rc1 Qb7 18. O-O h4 19. Nb2 Be7 20. Rc3 a6 21. Qc2 Kf8 22.
Rc1 Rc8 23. Nd3 Kg7 24. Qd1 Rc7 25. Qf1 Rhc8 26. Qh3 Nxd4 27. Rxc7 Nxf3+ 28.
Qxf3 Rxc7 29. Qh5 Rxc1+ 30. Bxc1 Be8 31. Nf4 Qc7 32. Bb2 Qc4 33. Qxh4 Qc2 34. h3
Qd1+ 35. Kg2 d4 36. Nxe6+ fxe6 37. Qh6+ Kg8 38. Qxe6+ Bf7 39. Qxe7 Bd5+ 40. Kg3
Qf3+ 41. Kh4 Qxf2+ 42. Kh5 Bf7+ 43. g6 Qf3+ 44. Kg5 Qg3+ 45. Kxf5 Qf3+ 46. Kg5
Qg3+ 47. Kf5 Qf3+ 1/2-1/2

[Event "Reykjavik Open 2018"]
[Site "Reykjavik ISL"]
[Date "2018.03.10"]
[Round "5.91"]
[White "Frank, Tena"]
[Black "Hjaltason, Elvar Orn"]
[Result "1-0"]
[WhiteTitle "WFM"]
[WhiteElo "1921"]
[BlackElo "1639"]
[WhiteFideId "4624297"]
[BlackFideId "2315084"]
[EventDate "2018.03.06"]

1. d4 Nf6 2. c4 e6 3. Nc3 Bb4 4. e3 O-O 5. Ne2 Re8 6. c5 d6 7. cxd6 cxd6 8. a3
Bxc3+ 9. Nxc3 d5 10. Bd3 Nc6 11. O-O e5 12. dxe5 Nxe5 13. Bc2 Bg4 14. f3 Be6 15.
b3 Rc8 16. Qd2 Qc7 17. Bb2 Red8 18. Rac1 Nc6 19. Ne2 Qe7 20. Qd3 h6 21. g4 g6
22. Rf2 Kg7 23. h4 g5 24. Qh7+ Kf8 25. Qxh6+ 1-0

[Event "Reykjavik Open 2018"]
[Site "Reykjavik ISL"]
[Date "2018.03.10"]
[Round "5.92"]
[White "Stuart, Brian"]
[Black "Arvidsson, Jonas"]
[Result "0-1"]
[WhiteElo "1688"]
[BlackElo "1913"]
[WhiteFideId "445053"]
[BlackFideId "1717839"]
[EventDate "2018.03.06"]

1. e4 e5 2. Nf3 Nc6 3. d4 exd4 4. Nxd4 Nf6 5. Nxc6 bxc6 6. Bd3 d5 7. Qe2 Be7 8.
Nd2 O-O 9. O-O Re8 10. h3 Bc5 11. Qf3 Nd7 12. Nb3 Ne5 13. Qd1 Bb6 14. exd5 cxd5
15. Bf4 Qh4 16. Bxe5 Rxe5 17. Qf3 Rg5 18. Kh1 Qh6 19. Rae1 Bg4 0-1

[Event "Reykjavik Open 2018"]
[Site "Reykjavik ISL"]
[Date "2018.03.10"]
[Round "5.93"]
[White "Mancini, Giustino"]
[Black "Kreken, Eivind Grunt"]
[Result "1-0"]
[WhiteElo "1905"]
[BlackElo "1612"]
[WhiteFideId "806285"]
[BlackFideId "1532359"]
[EventDate "2018.03.06"]

1. d4 Nf6 2. c4 g6 3. g3 Bg7 4. Bg2 O-O 5. Nc3 d6 6. Nf3 Nfd7 7. O-O e5 8. e4
Nc6 9. d5 Ne7 10. Be3 f5 11. Qd2 Nf6 12. Nh4 Nh5 13. Ne2 Kh8 14. Bg5 Bf6 15. f4
Bxg5 16. fxg5 Bd7 17. Rf2 fxe4 18. Rxf8+ Qxf8 19. Nc3 Ng8 20. Bxe4 Kg7 21. Qd3
Ne7 22. Bf3 Nf5 23. Rf1 Qd8 24. Bxh5 Qxg5 25. Nxf5+ Bxf5 26. Rxf5 gxf5 27. Qe2
a6 28. Kg2 Rf8 29. h4 Qf6 30. Kh3 f4 31. Qg4+ Kh8 32. Ne4 Qg7 33. Ng5 h6 34. Ne6
Qxg4+ 35. Bxg4 Rf7 36. gxf4 exf4 37. Kg2 Kh7 38. h5 c6 39. Kf3 cxd5 40. cxd5 Kg8
41. Nxf4 Rc7 42. Bf5 Rc5 43. Be4 Kf7 44. Ng2 Rb5 45. Ne3 Rxb2 46. Nc4 Rxa2 47.
Nxd6+ Kf6 48. Nxb7 Kg5 49. Ke3 Ra1 50. d6 Rf1 51. Bf3 Re1+ 52. Be2 Rb1 53. d7
Rxb7 54. d8=Q+ 1-0

[Event "Reykjavik Open 2018"]
[Site "Reykjavik ISL"]
[Date "2018.03.10"]
[Round "5.94"]
[White "Kurt, Herbert"]
[Black "Marshall, Michael"]
[Result "0-1"]
[WhiteElo "1682"]
[BlackElo "1890"]
[WhiteFideId "16232526"]
[BlackFideId "1409956"]
[EventDate "2018.03.06"]

1. Nf3 d5 2. g3 Nf6 3. Bg2 c5 4. d3 Nc6 5. O-O e6 6. Nbd2 Be7 7. Re1 b6 8. e4
O-O 9. Nf1 Bb7 10. e5 Nd7 11. h4 Re8 12. Bf4 f6 13. exf6 Bxf6 14. c3 e5 15. Bg5
h6 16. Bd2 Nf8 17. N3h2 Qd7 18. Qh5 Rad8 19. Ne3 Ne7 20. Nhg4 Nh7 21. Nxf6+ Nxf6
22. Qxe5 d4 23. cxd4 cxd4 24. Rac1 dxe3 25. Rxe3 Bxg2 26. Kxg2 Ned5 27. Qd4
Nxe3+ 28. fxe3 Qb7+ 0-1

[Event "Reykjavik Open 2018"]
[Site "Reykjavik ISL"]
[Date "2018.03.10"]
[Round "5.95"]
[White "Kleinert, Juergen"]
[Black "Kvamme, Ingrid Jodre"]
[Result "1-0"]
[WhiteElo "1887"]
[BlackElo "1576"]
[WhiteFideId "4659180"]
[BlackFideId "1516981"]
[EventDate "2018.03.06"]

1. e4 c5 2. c3 d5 3. exd5 Qxd5 4. d4 g6 5. Nf3 Bg7 6. Na3 Nf6 7. Bc4 Qe4+ 8. Be3
O-O 9. O-O cxd4 10. Nxd4 Nc6 11. Re1 Qg4 12. Nxc6 bxc6 13. Bc5 Rb8 14. Bxe7 Re8
15. Bxf6 Qxd1 16. Raxd1 Rxe1+ 17. Rxe1 Bxf6 18. Re8+ Kg7 19. Bb3 Ra8 20. Nc4 Bg5
21. Nd6 Bb7 22. Re5 Bf4 23. Re7 Bxd6 24. Rxb7 Re8 25. Rxf7+ Kh6 26. Kf1 a5 27.
Ra7 Re5 28. Ra6 Rc5 29. Ba4 Rd5 30. Rxc6 Rd2 31. Ke1 Bf4 32. Rc4 Bg5 33. h4 Rxb2
34. hxg5+ Kxg5 35. Bb3 Rb1+ 36. Ke2 Rc1 37. Rc5+ Kh6 38. c4 1-0

[Event "Reykjavik Open 2018"]
[Site "Reykjavik ISL"]
[Date "2018.03.10"]
[Round "5.96"]
[White "Henderson, S E"]
[Black "Jonsson, Pall G"]
[Result "0-1"]
[WhiteElo "1582"]
[BlackElo "1841"]
[WhiteFideId "2081679"]
[BlackFideId "2303205"]
[EventDate "2018.03.06"]

1. e4 g6 2. d4 Bg7 3. Nf3 d6 4. Bc4 Nf6 5. Nc3 O-O 6. O-O c6 7. h3 d5 8. exd5
Nxd5 9. Nxd5 cxd5 10. Bb3 Nc6 11. c3 Qd6 12. Be3 h6 13. Re1 Bf5 14. Qd2 Kh7 15.
Bf4 Qd8 16. Re2 Be4 17. Nh2 Na5 18. Nf1 g5 19. Bh2 Nxb3 20. axb3 e6 21. Ne3 Qb6
22. b4 Rae8 23. Kh1 Bg6 24. Rae1 f6 25. f4 Be4 26. Nf1 Qd8 27. Ng3 f5 28. Nxe4
fxe4 29. Rf2 Bf6 30. Ref1 Qe7 31. Qe2 Kg6 32. g4 gxf4 33. Bxf4 Bh4 34. Rg2 Rf7
35. Be5 Ref8 36. Rxf7 Qxf7 37. Bd6 Qf1+ 38. Kh2 Rf3 39. Qxf1 Rxf1 40. Re2 Bg5
41. b5 h5 42. gxh5+ Kxh5 43. Kg2 Rf3 44. Bg3 Bh4 45. Bb8 a6 46. bxa6 bxa6 47.
Bd6 Rd3 48. Bf4 Kg6 49. Bd6 Kf5 50. Bc7 Rf3 51. Be5 a5 52. Bd6 Rd3 53. Rc2 Rd1 0-1

[Event "Reykjavik Open 2018"]
[Site "Reykjavik ISL"]
[Date "2018.03.10"]
[Round "5.97"]
[White "Briem, Benedikt"]
[Black "Bjarnason, Olafur"]
[Result "1-0"]
[WhiteElo "1560"]
[BlackElo "1826"]
[WhiteFideId "2315432"]
[BlackFideId "2316501"]
[EventDate "2018.03.06"]

1. f4 d5 2. Nf3 Nf6 3. e3 Bf5 4. Be2 e6 5. O-O Bd6 6. b3 Nbd7 7. Bb2 c5 8. h3 h5
9. Ne5 Rh6 10. d3 Qe7 11. Nxd7 Kxd7 12. Nc3 a6 13. Bf3 Bh7 14. g3 Rg8 15. e4 g5
16. e5 gxf4 17. exd6 Rxg3+ 18. Bg2 Qxd6 19. Ne2 Rxg2+ 20. Kxg2 e5 21. Kh1 Qe6
22. Ng1 Bf5 23. Qf3 Ne4 24. Rfe1 Ng3+ 25. Kh2 f6 26. c4 Rg6 27. Rad1 Qd6 28.
Qxd5 Qxd5 29. cxd5 Kd6 30. Nf3 Rg7 31. Nxe5 Kxd5 32. Nf3 1-0

[Event "Reykjavik Open 2018"]
[Site "Reykjavik ISL"]
[Date "2018.03.10"]
[Round "5.98"]
[White "Alderson, John K A"]
[Black "Sigurdsson, Baldur Heidar"]
[Result "1-0"]
[WhiteElo "1824"]
[BlackElo "1540"]
[WhiteFideId "422711"]
[BlackFideId "2313766"]
[EventDate "2018.03.06"]

1. c4 Nf6 2. Nc3 g6 3. g3 Bg7 4. Bg2 O-O 5. e4 d6 6. Nge2 Nc6 7. O-O e5 8. d3 a5
9. a3 Nd7 10. Nd5 Nc5 11. b3 Ne6 12. Be3 Ncd4 13. Nxd4 Nxd4 14. Rb1 c6 15. Nc3
h5 16. Qd2 Kh7 17. Ne2 c5 18. f4 Bg4 19. Bxd4 cxd4 20. h3 Bxe2 21. Qxe2 Bh6 22.
Qf3 h4 23. f5 hxg3 24. Qxg3 Qg5 25. Qxg5 Bxg5 26. Bf3 Kh6 27. Bg4 Bf4 28. Kg2
Kg5 29. Kf3 b6 30. Rh1 Rh8 31. Rbg1 Raf8 32. fxg6 fxg6 33. Bf5+ Kf6 34. Rxg6+
Ke7 35. h4 Rfg8 36. h5 Rxg6 37. Bxg6 Kf6 38. Kg4 Bg5 39. Rb1 Ra8 40. b4 axb4 41.
Rxb4 Bh6 42. Bf5 Ke7 43. Bg6 Bd2 44. Rb2 Bh6 45. Kf5 Rxa3 46. Rxb6 Ra1 47. Rb7+
Kf8 48. Ke6 Ra3 49. Kf6 Kg8 50. Rb8+ Bf8 51. h6 1-0

[Event "Reykjavik Open 2018"]
[Site "Reykjavik ISL"]
[Date "2018.03.10"]
[Round "5.99"]
[White "Morgan, George"]
[Black "Hansen, Ib Lynaes"]
[Result "0-1"]
[WhiteElo "1536"]
[BlackElo "1822"]
[WhiteFideId "3227340"]
[BlackFideId "1407511"]
[EventDate "2018.03.06"]

1. e4 c5 2. d4 cxd4 3. c3 dxc3 4. Nxc3 e6 5. Bc4 Nc6 6. Nf3 Bb4 7. Bd2 a6 8. O-O
Nge7 9. Qe2 O-O 10. Rfd1 Ng6 11. Rac1 Nge5 12. Nxe5 Nxe5 13. Bb3 Nc6 14. Be3 Qe7
15. f4 d6 16. Qh5 Kh8 17. Rd3 f5 18. Bf2 Bd7 19. Qd1 Be8 20. Rh3 Bxc3 21. Rcxc3
fxe4 22. Qg4 Rf5 23. Bh4 Qf7 24. Bg5 d5 25. Rh4 Ne5 26. Rch3 Ng6 27. Rxh7+ Kg8
28. Qh5 Qf8 29. Qg4 Qc5+ 30. Kh1 Qf2 31. Qd1 Nxf4 32. Bxf4 Qxf4 33. Qg1 Rc8 34.
Rh8+ Kf7 35. Rc3 Rxc3 36. bxc3 Qf1 37. Rh3 Bb5 38. Re3 Qxg1+ 39. Kxg1 Rf1# 0-1

[Event "Reykjavik Open 2018"]
[Site "Reykjavik ISL"]
[Date "2018.03.10"]
[Round "5.100"]
[White "Haile, Batel Goitom"]
[Black "Meier, Gerd"]
[Result "1/2-1/2"]
[WhiteElo "1361"]
[BlackElo "1804"]
[WhiteFideId "2315190"]
[BlackFideId "4682971"]
[EventDate "2018.03.06"]

1. e4 c5 2. Nf3 d6 3. d4 cxd4 4. Nxd4 a6 5. Nc3 Nf6 6. Be3 Ng4 7. Bd2 e5 8. Nf3
Qb6 9. Qe2 Be6 10. b3 Be7 11. h3 Nf6 12. Qd1 O-O 13. Bd3 Nbd7 14. O-O Rac8 15.
Na4 Qc7 16. c4 Nc5 17. Nxc5 dxc5 18. Bc3 Nd7 19. Qe2 Bf6 20. Qb2 g6 21. Nd2 Nb8
22. f4 Nc6 23. f5 Rcd8 24. fxe6 Rxd3 25. Rxf6 Nd4 26. Bxd4 exd4 27. Raf1 Rxh3 1/2-1/2

[Event "Reykjavik Open 2018"]
[Site "Reykjavik ISL"]
[Date "2018.03.10"]
[Round "5.101"]
[White "Opasiak, Dustin Tennessee"]
[Black "Olafsson, Arni"]
[Result "1/2-1/2"]
[WhiteElo "1797"]
[BlackElo "1231"]
[WhiteFideId "24630217"]
[BlackFideId "2313510"]
[EventDate "2018.03.06"]

1. e4 e5 2. Nf3 d6 3. Bb5+ c6 4. Ba4 Be7 5. O-O Nf6 6. Re1 O-O 7. c3 Nbd7 8. d4
exd4 9. cxd4 d5 10. exd5 Nxd5 11. Nc3 N7f6 12. h3 Re8 13. Ne5 h6 14. Nxc6 bxc6
15. Bxc6 Be6 16. Bxe8 Qxe8 17. a3 Rc8 18. Nxd5 Nxd5 19. Be3 Qd7 20. Qd2 Bd6 21.
Rac1 Rb8 22. Qc2 f5 23. Qe2 Bf7 24. Rc2 Bg6 25. Qc4 Kh7 26. Rce2 Nf6 27. Bc1 Bf7
28. Qd3 Rc8 29. Rc2 Rb8 30. Rce2 Bd5 31. f3 Rc8 32. Rc2 Rb8 33. b4 Bg3 34. Ree2
Bc6 35. Rxc6 Qxc6 36. Qxf5+ Kh8 37. Rc2 Re8 38. Bd2 Qe6 39. Qd3 Qe2 40. Qxe2
Rxe2 41. Kf1 Re7 42. Rc8+ Kh7 43. Rd8 Rd7 44. Rxd7 Nxd7 45. Ke2 Kg6 46. Kd3 Kf6
47. Kc4 Ke6 48. d5+ Kd6 49. Be3 Nb6+ 50. Kb5 Nxd5 51. Bxa7 Kc7 52. Bd4 g6 53.
Kc5 Nb6 54. Bg7 h5 55. Bd4 Bf4 56. g4 hxg4 57. hxg4 Kb7 58. Kb5 Nd5 59. a4 Bd2
60. Bc5 Bf4 61. Kc4 Nc7 62. b5 Bd2 63. Bd6 Na8 64. f4 Nb6+ 65. Kd3 Be1 66. f5
gxf5 67. gxf5 Nxa4 68. f6 Nb6 69. f7 Nd7 70. Kc4 Bd2 71. Kd5 Bh6 72. Ke6 Nb6 73.
Bf4 Bf8 74. Bd6 Bh6 75. Bc5 Bg7 76. Ke7 Nc8+ 77. Ke8 Bh6 78. Be3 Nd6+ 79. Ke7
Nxf7 80. Bxh6 Kb6 81. Kxf7 Kxb5 1/2-1/2

[Event "Reykjavik Open 2018"]
[Site "Reykjavik ISL"]
[Date "2018.03.10"]
[Round "5.102"]
[White "Gudmundsson, Gunnar Erik"]
[Black "Danielsson, Sigurdur"]
[Result "0-1"]
[WhiteElo "1511"]
[BlackElo "1791"]
[WhiteFideId "2314339"]
[BlackFideId "2301792"]
[EventDate "2018.03.06"]

1. d4 d5 2. c4 c5 3. dxc5 d4 4. Nf3 Nc6 5. Bf4 Qa5+ 6. Nbd2 f6 7. a3 Qxc5 8. Nb3
Qf5 9. Bc1 e5 10. e3 d3 11. Bxd3 e4 12. Nfd4 Qg6 13. Bf1 Ne5 14. g3 Bg4 15. Be2
Nd3+ 16. Kf1 Bh3+ 17. Kg1 Ne5 18. Bh5 Nf3+ 19. Qxf3 exf3 20. Bxg6+ hxg6 21. Nxf3
b6 22. Nfd4 Rc8 23. Nd2 Bc5 24. b4 Bd6 25. f4 Nh6 26. Kf2 O-O 27. Bb2 Rfe8 28.
Rae1 g5 29. Nb5 Bb8 30. Nd4 Re7 31. Kf3 a6 32. Nc2 Rd8 33. Nd4 Ng4 34. N2b3 Rde8
35. e4 Rc7 36. Nd2 Kf7 37. Bc3 Rd7 38. Ne2 Rd3# 0-1

[Event "Reykjavik Open 2018"]
[Site "Reykjavik ISL"]
[Date "2018.03.10"]
[Round "5.103"]
[White "Karlsson, Isak Orri"]
[Black "Holm, Fridgeir K"]
[Result "0-1"]
[WhiteElo "1288"]
[BlackElo "1746"]
[WhiteFideId "2312530"]
[BlackFideId "2307324"]
[EventDate "2018.03.06"]

1. d4 Nf6 2. c4 e6 3. a3 Be7 4. Nc3 O-O 5. Nf3 d5 6. Bg5 b6 7. e3 Bb7 8. Bxf6
Bxf6 9. cxd5 exd5 10. Be2 Nd7 11. O-O g6 12. Bd3 c5 13. Bb5 a6 14. Ba4 b5 15.
Bb3 c4 16. Bc2 Re8 17. h3 Bg7 18. Ne2 Nf8 19. Qd2 Ne6 20. Qb4 Ng5 21. Nxg5 Qxg5
22. a4 Bf8 23. Qd2 b4 24. Nf4 a5 25. Ne2 Bc8 26. Kh1 Bd6 27. Rg1 Qh4 0-1

[Event "Reykjavik Open 2018"]
[Site "Reykjavik ISL"]
[Date "2018.03.10"]
[Round "5.104"]
[White "Arnalds, Stefan"]
[Black "Stefansson, Benedikt"]
[Result "1-0"]
[WhiteElo "1999"]
[BlackElo "1297"]
[WhiteFideId "2304821"]
[BlackFideId "2312379"]
[EventDate "2018.03.06"]

1. d4 g6 2. c4 Nf6 3. Nc3 d5 4. cxd5 Nxd5 5. e4 Nxc3 6. bxc3 Bg7 7. Bc4 c5 8.
Be3 Nc6 9. Ne2 cxd4 10. cxd4 a6 11. O-O O-O 12. Rc1 e6 13. Qd2 Qd7 14. Rfd1 b5
15. Bb3 Rd8 16. d5 exd5 17. Bb6 Re8 18. Qxd5 Qxd5 19. Bxd5 Bb7 20. Bxc6 Bxc6 21.
Rxc6 Rxe4 22. Nc3 Bxc3 23. Rxc3 b4 24. Rcd3 Rae8 25. g3 R8e6 26. Be3 a5 27. Rd5
R6e5 28. Rxe5 Rxe5 29. Rd8+ 1-0

[Event "Reykjavik Open 2018"]
[Site "Reykjavik ISL"]
[Date "2018.03.10"]
[Round "5.105"]
[White "Berg, Margar M."]
[Black "Alexandersson, Orn"]
[Result "1-0"]
[WhiteElo "1811"]
[BlackElo "1466"]
[WhiteFideId "7200021"]
[BlackFideId "2315912"]
[EventDate "2018.03.06"]

1. d4 e6 2. Nf3 Nf6 3. Bg5 Be7 4. e3 O-O 5. Bd3 b6 6. c4 d5 7. Nc3 Nbd7 8. O-O
Bb7 9. Rc1 c5 10. Bf4 Nh5 11. Bg3 Nxg3 12. hxg3 Nf6 13. dxc5 bxc5 14. Qc2 h6 15.
Rfd1 Qb8 16. b3 Rc8 17. cxd5 Nxd5 18. Nxd5 exd5 19. Qe2 Rd8 20. Bb1 Qd6 21. Qc2
g6 22. Rd2 Rac8 23. Re1 Re8 24. e4 d4 25. e5 Qa6 26. e6 f5 27. g4 Be4 28. Rxe4
fxe4 29. Qxe4 Bf8 30. Qxg6+ Bg7 31. Bd3 Qd6 32. Nh4 Qe7 33. Qh7+ Kf8 34. Ng6# 1-0

[Event "Reykjavik Open 2018"]
[Site "Reykjavik ISL"]
[Date "2018.03.10"]
[Round "5.106"]
[White "Magnusson, Thorsteinn"]
[Black "Pedersen, Soren Sandmann"]
[Result "1/2-1/2"]
[WhiteElo "1435"]
[BlackElo "1794"]
[WhiteFideId "2310287"]
[BlackFideId "30929717"]
[EventDate "2018.03.06"]

1. d4 d5 2. Bf4 Nf6 3. e3 c5 4. c3 cxd4 5. exd4 Nc6 6. Nd2 Bf5 7. Ngf3 e6 8. Qb3
Qd7 9. Bb5 Bd6 10. Ne5 Bxe5 11. Bxe5 a6 12. Bxc6 Qxc6 13. h3 O-O 14. O-O Nd7 15.
Bh2 Kh8 16. Rfe1 Rae8 17. Re3 b5 18. Rae1 Bg6 19. Nf3 f6 20. Qa3 Nb6 21. Qd6
Qxd6 22. Bxd6 Nc4 23. Bxf8 Nxe3 24. Rxe3 Rxf8 25. Rxe6 a5 26. Rb6 Bd3 27. Ne1
Be2 28. Re6 Bh5 29. Rd6 Rb8 30. Rxd5 Bf7 31. Rc5 Bxa2 32. Nf3 Kg8 33. d5 a4 34.
Nd4 b4 35. d6 Rd8 36. cxb4 Rxd6 37. Nf3 Rb6 38. b5 Kf7 39. Nd4 Bb1 40. Rc7+ Kg6
41. Ra7 Bc2 42. Nxc2 Rxb5 43. Rxa4 Rxb2 44. Ne3 h5 45. g3 Kg5 46. h4+ Kh6 47.
Ra5 Kg6 48. Kg2 Kh6 49. Nf5+ Kg6 50. Nxg7 Kxg7 51. Rxh5 Kg6 52. Rc5 Ra2 53. h5+
Kg7 54. Rc7+ Kh6 55. Rc6 Kg5 56. h6 Kg6 57. h7 Ra8 58. g4 Rh8 59. Rc7 f5 60. Kg3
fxg4 61. Kxg4 Rf8 62. f3 Rh8 63. f4 Kh6 64. Kf5 Ra8 65. Re7 Ra5+ 66. Kf6 Ra6+
67. Re6 Ra8 68. f5 Kxh7 69. Kf7 Ra7+ 70. Re7 Ra8 71. f6 Rb8 72. Rd7 Ra8 73. Ke7
Kg6 74. f7 Kg7 75. Rd8 Ra7+ 76. Rd7 Rxd7+ 77. Kxd7 Kxf7 1/2-1/2

[Event "Reykjavik Open 2018"]
[Site "Reykjavik ISL"]
[Date "2018.03.10"]
[Round "5.107"]
[White "Jonsson, Sveinbjorn"]
[Black "Tsanaclis, Albert"]
[Result "1-0"]
[WhiteElo "1682"]
[BlackElo "1429"]
[WhiteFideId "2303248"]
[BlackFideId "2624834"]
[EventDate "2018.03.06"]

1. e4 c5 2. Nf3 Nc6 3. d4 cxd4 4. Nxd4 g6 5. Nb3 Nf6 6. f3 Bg7 7. Nc3 a6 8. Be3
O-O 9. Qd2 d6 10. O-O-O b5 11. Kb1 Bd7 12. Bh6 Bxh6 13. Qxh6 Kh8 14. g4 Ne5 15.
Be2 b4 16. Nd5 Ng8 17. Qd2 a5 18. Qd4 f6 19. h4 a4 20. Nc1 Nc6 21. Qd2 Qa5 22.
g5 Be8 23. f4 f5 24. Bf3 fxe4 25. Bxe4 e6 26. Nxb4 Qxb4 27. Qxb4 Nxb4 28. Bxa8
d5 29. Rd4 Na6 30. Bb7 Nc7 31. Nd3 Bb5 32. Ne5 Ne7 33. h5 Kg7 34. hxg6 hxg6 35.
Rd2 Rb8 36. Rdh2 Rxb7 37. Rh7+ Kf8 38. Rf7+ Kg8 39. Rhh7 Nf5 40. Rxc7 Rxc7 41.
Rxc7 Be8 42. Rc8 Kf8 43. Nxg6+ Kf7 44. Ne5+ Ke7 45. Rc7+ Kd6 46. Rb7 Nh4 47.
Rb6+ Ke7 48. a3 Ng2 49. Rb4 Ne3 50. Kc1 Nf5 51. Kd2 Kd6 52. Rb6+ Ke7 53. Rb7+
Kd6 54. g6 Ne7 55. Rb6+ 1-0

[Event "Reykjavik Open 2018"]
[Site "Reykjavik ISL"]
[Date "2018.03.10"]
[Round "5.108"]
[White "Hjaltason, Magnus"]
[Black "Steingrimsson, Karl Egill"]
[Result "1/2-1/2"]
[WhiteElo "1281"]
[BlackElo "1659"]
[WhiteFideId "2312883"]
[BlackFideId "2304791"]
[EventDate "2018.03.06"]

1. e4 e6 2. d4 b6 3. Nc3 Bb7 4. Nf3 Be7 5. Be2 d6 6. O-O Nf6 7. e5 Nd5 8. Nxd5
Bxd5 9. exd6 Bxd6 10. Be3 O-O 11. Rc1 Nd7 12. c3 Bb7 13. Qd2 Rc8 14. Rfd1 c6 15.
Qd3 Qc7 16. g3 Nf6 17. Bg5 Be7 18. Bf4 Qd7 19. Qd2 h6 20. Bf1 Bd6 21. Be5 Qe7
22. Bg2 Rfd8 23. Qe2 Rd7 24. Rd2 Rcd8 25. Rcd1 Ne8 26. b4 Nc7 27. Qe1 Nd5 28. c4
Nxb4 29. Rb1 Na6 30. Rdb2 f6 31. Bxd6 Qxd6 32. c5 Qe7 1/2-1/2

[Event "Reykjavik Open 2018"]
[Site "Reykjavik ISL"]
[Date "2018.03.10"]
[Round "5.110"]
[White "Halldorsson, Haukur"]
[Black "Mancini, Pietro"]
[Result "1/2-1/2"]
[WhiteElo "1569"]
[BlackElo "1020"]
[WhiteFideId "2305089"]
[BlackFideId "2854541"]
[EventDate "2018.03.06"]

1. Nf3 d5 2. d4 Nf6 3. g3 Bf5 4. Bg2 c6 5. O-O Nbd7 6. Nbd2 e6 7. Nb3 Bd6 8. Bg5
O-O 9. Nh4 h6 10. Bxf6 Qxf6 11. Nxf5 Qxf5 12. Re1 Nf6 13. e3 e5 14. dxe5 Bxe5
15. c3 Rad8 16. Qe2 Rfe8 17. Nd4 Bxd4 18. cxd4 Rd7 19. Rac1 Rde7 20. Rc3 Ne4 21.
Ra3 a6 22. Rb3 c5 23. Bxe4 dxe4 24. dxc5 Qxc5 25. Rc3 Qd5 26. b3 b5 27. Rd1 Qe6
28. Rdc1 Rd7 29. Kg2 Rdd8 30. Rc7 Rc8 31. Rxc8 Rxc8 32. Rd1 Qe7 33. Qd2 Qf6 34.
Rc1 Qd8 35. Rxc8 Qxc8 36. Qd5 Qe6 37. Qxe6 fxe6 38. f3 exf3+ 39. Kxf3 Kf7 40.
Ke4 Kf6 41. h3 g6 42. b4 e5 43. Kd5 h5 1/2-1/2